| 000 | 01420 a2200217 4500 | ||
|---|---|---|---|
| 001 | 38539 | ||
| 005 | 20260407155648.0 | ||
| 008 | 260407a1985 arg spa d | ||
| 003 | AR-UNSa-BCEJYS | ||
| 040 |
_aAR-UNSa-BCEJYS _bspa _cAR-UNSa-BCEJYS |
||
| 080 |
_a658.8.012.12 _xInvestigación de mercados |
||
| 245 | 1 | 0 |
_aInvestigación de mercados _ptoma de decisiones del sector público y privado |
| 020 | _a968-25-0746-4 | ||
| 264 | 1 |
_aMéxico : _bInteramericana _c1985 |
|
| 300 |
_axvi, 590 p. _c24 cm. |
||
| 505 | _a1. Perspectiva general de la investigación de mercados en la toma de decisiones - 2. El proceso de investigación - 3. Diseño y realización de la investigación - 4. Recolección de información: métodos cualitativos y de observación - 5. Información recibida de los entrevistados: métodos de encuesta - 6. Diseño de cuestionario - 7. Medición de actitudes - 8. Aplicaciones de mediciones de actitudes a los problemas de mercadotecnia - 9. Muestreo - 10. Tamaño de la muestra y teoría estadística - 11. Experimentación - 12. Principios del análisis de información - 13. Comprobación de hipotesis - 14. Introducción de una tercera variable - 15. Análisis factorial - 16. Escalas de dimensiones múltiples y el análisis de grupos - 17. Análisis de regresión. | ||
| 942 | _cBK | ||
| 590 | _aniveau_biblio:m niveau_hierar:0 | ||
| 100 | 1 | _aDay, George S. | |
| 700 | 1 | _aAaker, David A. | |
| 999 |
_c2899 _d2899 |
||